Guía urgente para enseñar en aulas virtuales /

Esta guía recorre los espacios sincrónicos y asincrónicos de las aulas virtuales, los mitos y las verdades sobre las clases digitales y el trabajo que hay que hacer antes y después de los encuentros. Además, incluye actividades y recursos útiles.

Guardado en:
Autor Principal: Libedinsky, Marta.
Formato: Libro
Idioma:Undetermined
Publicado: Buenos Aires : Tilde, 2023.
Edición:1a ed.
Series:Formando docentes / INFoD
Materias:
Etiquetas: Agregar Etiqueta
Sin Etiquetas, Sea el primero en etiquetar este registro!
LEADER 01423nam a22002415a 4500
001 CEM.cems020359
008 230816s2023####ag############000#0#und#d
005 20230914141745.0
245 1 0 |a Guía urgente para enseñar en aulas virtuales /  |c Marta Libedinsky. 
250 |a 1a ed. 
260 |a Buenos Aires :  |b Tilde,  |c 2023. 
300 |a 104 p. 
490 1 |a Formando docentes / INFoD 
500 |a Edición para el Ministerio de Educación de la Nación. Cuenta con podcast y recurso elaborados por la editorial. Podcast: https://open.spotify.com/episode/0oU0SJqb8mJKhXUhDmaxDk. Recurso con listado de 12 pasos para armar un aula virtual y 10 recomendaciones para pensar sus contenidos y dinámicas.: https://digital.tilde-editora.com.ar/library/publication/recurso-guia-urgente-para-ensenar-en-aulas-virtuales. 
520 |a Esta guía recorre los espacios sincrónicos y asincrónicos de las aulas virtuales, los mitos y las verdades sobre las clases digitales y el trabajo que hay que hacer antes y después de los encuentros. Además, incluye actividades y recursos útiles. 
020 |a 9789878282466 
100 1 |a Libedinsky, Marta. 
653 |a Aula virtual 
653 |a Educación a distancia 
653 |a Educación virtual 
653 |a Tecnología educativa 
859 |a CEMS  |b BIB. CEMS - Ccias. Educacion  |h 371.42  |i L614-1  |k CE  |p 29604.23  |t Ej.1 
859 |a CEMS  |b BIB. CEMS - 11 de abril  |h 371.42  |i L614-1  |p 29605.23  |t Ej.2